Terrorism the Sectoral Impact (Record no. 185573)

MARC details
000 -LEADER
fixed length control field 00466nam a2200181Ia 4500
008 - FIXED-LENGTH DATA ELEMENTS--GENERAL INFORMATION
fixed length control field 240823s9999||||xx |||||||||||||| ||und||
082 ## - DEWEY DECIMAL CLASSIFICATION NUMBER
-- 303.625 P7
100 ## - MAIN ENTRY--PERSONAL NAME
Personal name Amrita Chakraborty Ed.
245 #0 - TITLE STATEMENT
Title Terrorism the Sectoral Impact
250 ## - EDITION STATEMENT
Edition statement 1st
260 ## - PUBLICATION, DISTRIBUTION, ETC. (IMPRINT)
Date of publication, distribution, etc 2007
Name of publisher, distributor, etc The ICFAI University
Place of publication, distribution, etc Hyderabad
500 ## - GENERAL NOTE
General note YES
650 ## - SUBJECT ADDED ENTRY--TOPICAL TERM
Topical term or geographic name as entry element Terrorism Insurance
942 ## - ADDED ENTRY ELEMENTS (KOHA)
Item type Books
Holdings
Withdrawn status Lost status Damaged status Permanent location Current location Shelving location Date acquired Source of acquisition Cost, normal purchase price Full call number Barcode Date last seen Koha item type
      CENTRAL LIBRARY, NOORUL ISLAM CENTRE FOR HIGHER EDUCATION CENTRAL LIBRARY, NOORUL ISLAM CENTRE FOR HIGHER EDUCATION   10/07/2010 ICFAI University 375.00 303.625 P7 38282 08/23/2024 Books
Visitors:
Copyright © 2024 Central Library NICHE.  All rights reserved.